000 00795nam a2200265Ia 4500
003 OSt
005 20220926012847.0
006 a|||||r|||| 00| 0
007 ta
008 220923b |||||||| |||| 00| 0 eng d
020 _a0313268983
037 _cGeneral Book
040 _aRTL
_cRTL
_beng
041 _2eng
_aeng
082 _aX:7:(B), N0
100 _aSrivastava V. K.
_994821
245 0 _aEconometrics of the disequilibrium models
260 _aNew York
_bGreenwood Press U. S. A.
_c1990
300 _axiii,187p Bibliography:p177-83
_ccm.
490 _aContributions in Economics and Economic History. 111.
650 _aValue
700 _a Rao B. Bhaskara
942 _hX:7:(B), N0
_cGB
_2CC
999 _c624523
_d624523